Plan de acción regional para América Latina y el Caribe en relación con el año internacional de la juventud

Salvato in:
Dettagli Bibliografici
Ente Autore: Naciones Unidas
Natura: testo
Pubblicazione: Lima: CEPAL
Tags: Aggiungi Tag
Nessun Tag, puoi essere il primo ad aggiungerne!!

MARC

LEADER 00000 a a2200000 04500
001 25137
003
040
090 |a 182000  
110 |a Naciones Unidas  
245 |a Plan de acción regional para América Latina y el Caribe en relación con el año internacional de la juventud  
260 |a Lima:   |b CEPAL  
300 |a 31 p.  
999 |c 12135  |d 12135